A guide to sports and injury management / (Record no. 141270)
[ view plain ]
| 000 -LEADER | |
|---|---|
| fixed length control field | 01283nam a22002297a 4500 |
| 005 - DATE AND TIME OF LATEST TRANSACTION | |
| control field | 20260624173828.0 |
| 008 - FIXED-LENGTH DATA ELEMENTS--GENERAL INFORMATION | |
| fixed length control field | 260624s2010 |||||||| |||| 00| 0 eng d |
| 020 ## - INTERNATIONAL STANDARD BOOK NUMBER | |
| International Standard Book Number | 9780443068133 |
| 040 ## - CATALOGING SOURCE | |
| Transcribing agency | PK-LaUMT |
| 082 ## - DEWEY DECIMAL CLASSIFICATION NUMBER | |
| Classification number | 617.1027 |
| Item number | BUN-G |
| 100 1# - MAIN ENTRY--PERSONAL NAME | |
| Personal name | Bundy, Mike |
| 245 12 - TITLE STATEMENT | |
| Title | A guide to sports and injury management / |
| Statement of responsibility, etc | Mike Bundy and Andy Leaver |
| 260 ## - PUBLICATION, DISTRIBUTION, ETC. (IMPRINT) | |
| Place of publication, distribution, etc | Edinburgh : |
| Name of publisher, distributor, etc | Elsevier, |
| Date of publication, distribution, etc | 2010 |
| 300 ## - PHYSICAL DESCRIPTION | |
| Extent | 149 p. |
| 500 ## - GENERAL NOTE | |
| General note | Includes bibliographical references and index. |
| 520 ## - SUMMARY, ETC. | |
| Summary, etc | A Guide to Sports and Injury Management is a comprehensive practical guide to sports medicine care - book plus interactive DVD. Approached from the dual perspectives of a sports medicine doctor and a sports physiotherapist, this exciting new book covers the full spectrum of sports medicine from diagnosis of injuries to injury prevention, techniques for stretching and recovery protocols, rehabilitation and details on illness, drugs and diet. Colour photographs and drawings support the text, and case histories clearly illustrate the process of clinical reasoning to help make a decision and treat an injury |
| 546 ## - LANGUAGE NOTE | |
| Language note | eng |
| 650 ## - SUBJECT ADDED ENTRY--TOPICAL TERM | |
| Topical term or geographic name as entry element | Athletic Injuries |
| 650 ## - SUBJECT ADDED ENTRY--TOPICAL TERM | |
| Topical term or geographic name as entry element | Athletic Injuries-prevention & control |
| 700 1# - ADDED ENTRY--PERSONAL NAME | |
| Personal name | Leaver, Andy |
| 942 ## - ADDED ENTRY ELEMENTS (KOHA) | |
| Koha item type | Books |
| Withdrawn status | Lost status | Damaged status | Home library | Current library | Date acquired | Full call number | Barcode | Date last seen | Price effective from | Koha item type | Copy number |
|---|---|---|---|---|---|---|---|---|---|---|---|
| UMT Health Sciences Campus | UMT Health Sciences Campus | 2026-06-24 | 617.1027 BUN-G | 153152 | 2026-06-24 | 2026-06-24 | Books | ||||
| UMT Health Sciences Campus | UMT Health Sciences Campus | 2026-06-24 | 617.1027 BUN-G | 153153 | 2026-06-24 | 2026-06-24 | Books | C.2 | |||
| UMT Health Sciences Campus | UMT Health Sciences Campus | 2026-06-24 | 617.1027 BUN-G | 153154 | 2026-06-24 | 2026-06-24 | Books | C.3 |
